علم النفس اللغوى عند العرب
Saved in:
| 主要作者: | |
|---|---|
| 其他作者: | |
| 格式: | 未知 |
| 语言: | Arabic |
| 出版: |
خرطوم
: معهد خرطوم دولى غة عربية،
1985
|
| 主题: | |
| 标签: |
添加标签
没有标签, 成为第一个标记此记录!
|
| LEADER | 010750000a22003010004500 | ||
|---|---|---|---|
| 001 | 63282 | ||
| 005 | 20091201114200.0 | ||
| 008 | 930203s1985 ara | ||
| 035 | |a 233518 | ||
| 035 | |a (Sirsi) 63282 | ||
| 040 | |a UIAM |b eng | ||
| 049 | |b m | ||
| 050 | |a PJ6052 | ||
| 100 | 1 | |a طائى، سالم عيدان | |
| 245 | 1 | 0 | |a علم النفس اللغوى عند العرب |
| 246 | 0 | 0 | |a Ilm al-nafs al-lughawi 'inda al-'Arab ' / |c / Salim 'Aydan al-Ta'i |
| 260 | 1 | |a خرطوم |b : معهد خرطوم دولى غة عربية، |c 1985 | |
| 300 | |a 210p. | ||
| 533 | |a Photocopy | ||
| 596 | |a 1 | ||
| 650 | 0 | |a Arabic language |x Psychological aspects | |
| 650 | 0 | |a Psycholinguistics | |
| 700 | 1 | |a Ta'i, Salim 'Aydan 'Abd al-Nabi | |
| 710 | 1 | |a Ma'had al-Khartum al-Dawli lil-Lughah al-'Arabiyah | |
| 710 | 2 | |a Munazzamah al-'Arabiyah lil-Tarbiyah wa-al-Thaqafah wa-al-'Ulum | |
| 900 | |a non-zmy-naw | ||
| 999 | |c 430103 |d 461594 | ||
| 952 | |0 0 |6 T PJ 006052 T129I |7 0 |8 THESES |9 749213 |a IIUM |b IIUM |c MULTIMEDIA |g 0.00 |o t PJ6052T129I |p 00000061651 |r 2017-10-19 |t 1 |v 0.00 |y THESIS | ||
